Η ιστορική εξέλιξη των οικισμών στην περιοχή του Αλιάκμονα κατά την τουρκοκρατία : ο κώδικας αρ. 201 της Μονής Μεταμορφώσεως του Σωτήρος Ζάβορδας
Saved in:
| Main Author: | |
|---|---|
| Format: | Book |
| Language: | Greek |
| Published: |
Αθήνα :
Κέντρο Νεοελληνικών Ερευνών, Ε.Ι.Ε.,
2000
|
| Series: | Κέντρο Νεοελληνικών Ερευνών Ε.Ι.Ε. (Σειρά)
; 75 |
| Subjects: | |
| Tags: |
Add Tag
No Tags, Be the first to tag this record!
|
MARC
| LEADER | 00000cam a2200000 i 4500 | ||
|---|---|---|---|
| 001 | 1/31217 | ||
| 008 | 060619s2000 gre d | ||
| 020 | |a 960-7916-12-3 | ||
| 035 | |l 10084348 | ||
| 040 | |a GR-MY-UA |b gre |e aacr | ||
| 041 | 0 | |a gre | |
| 082 | 0 | |a 938.492 |2 (22) | |
| 100 | 1 | |a Χατζηιωάννου, Μαρία Χριστίνα, |d 1955- | |
| 245 | 1 | 2 | |a Η ιστορική εξέλιξη των οικισμών στην περιοχή του Αλιάκμονα κατά την τουρκοκρατία : |b ο κώδικας αρ. 201 της Μονής Μεταμορφώσεως του Σωτήρος Ζάβορδας / |c Μαρία Χριστίνα Χατζηϊωάννου |
| 260 | |a Αθήνα : |b Κέντρο Νεοελληνικών Ερευνών, Ε.Ι.Ε., |c 2000 | ||
| 300 | |a 358 σ.; |b εικ., χαρτ.; |c 24 εκ. | ||
| 490 | 1 | |a Κέντρο Νεοελληνικών Ερευνών Εθνικού Ιδρύματος Ερευνών |v ; 75 | |
| 500 | |a Η παρούσα έκδοση χρηματοδοτήθηκε από το Ινστιτούτο βιβλίου και Ανάγνωσης Κοζάνης | ||
| 504 | |a Περιέχει βιβλιογραφία και ευρετήριο | ||
| 650 | 0 | |a Cities and towns, Medieval |z Greece |z Kozane (Nome) | |
| 650 | 0 | 0 | |a Cities and towns, Medieval |z Grevena (Nome) |
| 651 | 0 | |a Kozane (Greece : Nome) |x Population |x Sources. | |
| 651 | 0 | |a Grevena (Greece : Nome) |x Population |x Sources. | |
| 830 | 0 | |a Κέντρο Νεοελληνικών Ερευνών Ε.Ι.Ε. (Σειρά) |v ; 75 | |
| 852 | |a INST |b LESVOS |e 20060619 |h 938.492 ΧΑΤ |p 005100037530 |q 005100037530 |t BK |y 0 | ||
| 901 | |a BIBL1-2006-2 | ||
| 909 | |a Λ |b 128632 | ||
| 970 | |a ΚΑΜΑΤΣΟΥ |b ΔΕΣΠΟΙΝΑ |z 2006/06/19 | ||